Cena v marketingu praktikum
Na minha lista:
| Autor principal: | |
|---|---|
| Autor Corporativo: | |
| Outros Autores: | |
| Formato: | Livro |
| Idioma: | eslovaco |
| Publicado em: |
Bratislava
Vydavateľstvo EKONÓM
2007
|
| Edição: | 2. vyd. |
| Assuntos: | |
| Tags: |
Sem tags, seja o primeiro a adicionar uma tag!
|
MARC
| LEADER | 00000nam$a2200000$$$4500 | ||
|---|---|---|---|
| 001 | 0058721 | ||
| 005 | 20240502071645.7 | ||
| 020 | |a 978-80-225-2335-6 | ||
| 041 | 0 | |a slo | |
| 044 | |a SK | ||
| 245 | 1 | 0 | |a Cena v marketingu |b praktikum |c Júlia Lipianska, Mária Hasprová |
| 250 | |a 2. vyd. | ||
| 264 | 1 | |a Bratislava |b Vydavateľstvo EKONÓM |c 2007 | |
| 300 | |a 131 s. | ||
| 610 | 2 | 0 | |a marketing |
| 610 | 2 | 0 | |a ceny |
| 610 | 2 | 0 | |a liberalizácia |
| 610 | 2 | 0 | |a legislatíva |
| 610 | 2 | 0 | |a rozhodovanie podnikové |
| 610 | 2 | 0 | |a politika cenová |
| 610 | 2 | 0 | |a tvorba cien |
| 610 | 2 | 0 | |a rentabilita |
| 100 | 1 | |a Lipianska, Júlia | |
| 700 | 1 | |a Hasprová, Mária, 1970- | |
| 710 | 2 | |a Ekonomická univerzita v Bratislave. Obchodná fakulta | |